Tribhuvan University Central Library

Prajatantrama sankraman dvandha avarodh ra apthyaraharu (Record no. 34793)

MARC details
000 -LEADER
fixed length control field 005730000a22002410004500
015 ## - NATIONAL BIBLIOGRAPHY NUMBER
National bibliography number NNB
082 ## - DEWEY DECIMAL CLASSIFICATION NUMBER
Classification number N321.4
Item number A458p
-- N
020 ## - INTERNATIONAL STANDARD BOOK NUMBER
International Standard Book Number 99933-673-8-9
041 ## - LANGUAGE CODE
Language code of text/sound track or separate title Nep
100 ## - MAIN ENTRY--PERSONAL NAME
Personal name Acharya, Nilambar
245 ## - TITLE STATEMENT
Title Prajatantrama sankraman dvandha avarodh ra apthyaraharu
260 ## - PUBLICATION, DISTRIBUTION, ETC. (IMPRINT)
Place of publication, distribution, etc Kathmandu
Name of publisher, distributor, etc Bhrikuti Akedemik Pablikesans
260 ## - PUBLICATION, DISTRIBUTION, ETC. (IMPRINT)
Date of publication, distribution, etc 2061 B.S.
300 ## - PHYSICAL DESCRIPTION
Extent 616p.
365 ## - TRADE PRICE
Price type code Rs.1495.00
518 ## - DATE/TIME AND PLACE OF AN EVENT NOTE
Date/time and place of an event note 20050921
530 ## - ADDITIONAL PHYSICAL FORM AVAILABLE NOTE
Additional physical form available note M
650 ## - SUBJECT ADDED ENTRY--TOPICAL TERM
Topical term or geographic name as entry element Democracy
650 ## - SUBJECT ADDED ENTRY--TOPICAL TERM
Topical term or geographic name as entry element Constitution
650 ## - SUBJECT ADDED ENTRY--TOPICAL TERM
Topical term or geographic name as entry element Monarchy
650 ## - SUBJECT ADDED ENTRY--TOPICAL TERM
Topical term or geographic name as entry element Political parties
942 ## - ADDED ENTRY ELEMENTS (KOHA)
Koha item type General Collections
Holdings
Withdrawn status Lost status Source of classification or shelving scheme Damaged status Not for loan Home library Current library Date acquired Total Checkouts Full call number Barcode Date last seen Price effective from Koha item type Shelving location Date checked out
    Dewey Decimal Classification     Tribhuvan University Central Library Tribhuvan University Central Library 06/20/2010   N321.4 A458p N 127764 06/20/2010 06/20/2010 N    
    Dewey Decimal Classification     Tribhuvan University Central Library Tribhuvan University Central Library 06/20/2010   N321.4 A458p N 127765 06/20/2010 06/20/2010 N    
    Dewey Decimal Classification     Tribhuvan University Central Library Tribhuvan University Central Library 06/20/2023   N321.4 A458p N G89993 06/20/2023 06/20/2023 General NC    
    Dewey Decimal Classification     Tribhuvan University Central Library Tribhuvan University Central Library 06/20/2023   N321.4 A458p N G89994 06/20/2023 06/20/2023 General NC    
    Dewey Decimal Classification     Tribhuvan University Central Library Tribhuvan University Central Library 06/20/2023 1 N321.4 A458p G89852 05/15/2024 06/20/2023 General NC New Building 04/30/2024
    Dewey Decimal Classification     Tribhuvan University Central Library Tribhuvan University Central Library 06/20/2023   N321.4/A458p 127787 06/20/2023 06/20/2023 General NC    
    Dewey Decimal Classification     Tribhuvan University Central Library Tribhuvan University Central Library 06/20/2023   N321.4/A458p 127788 06/20/2023 06/20/2023 General NC